000 00793nam a22002777a 4500
001 BR6006243
003 BR-BrBNA
005 20230928095638.0
007 ta
008 230509b bl.||||| |||| 00| 0 por d
040 _aBR-BrBNA
_bpor
_cBiblioteca Nacional de Agricultura
041 _a(Por)
072 _aF03
_b3575
090 _ 3575 BR6006243
100 1 _aDelouche, J.C.
100 1 _aPotts, H.C.
110 1 _aApoio Governamental a Implantacao do Plano Nacional de Sementes, Brasilia, DF (Brasil)
_9128
245 1 _aPrograma de sementes. Planejamento e implantacao
250 1 _a2. ed.
260 3 _aBrasilia, DF (Brasil):
_c1974.
300 _a124 p.
650 _aSemente
650 _aProjeto de Desenvolvimento
909 _a202309
_bLucia
_c55
_dLucia Elande
942 _cBK
999 _c57837
_d57837